Statistics for Biggest Trading Partners - Ukraine

Click here to take the quiz!

General Stats

  • This quiz has been taken 31 times
  • The average score is 24 of 30

Answer Stats

ExportsCountry% Correct
5.15 bilChina
100%
15.40 bilRussia
100%
18.83 bilRussia
100%
1.45 bilFrance
93%
4.60 bilTurkey
93%
1.69 bilTurkey
93%
2.55 bilUnited States
93%
1.88 bilUnited States
93%
6.68 bilGermany
90%
1.72 bilGermany
90%
3.91 bilPoland
90%
2.16 bilPoland
90%
2.67 bilBelarus
83%
1.88 bilBelarus
83%
1.12 bilHungary
83%
0.96 bilIndia
83%
2.85 bilItaly
83%
2.07 bilItaly
83%
2.70 bilJapan
83%
1.07 bilNetherlands
79%
1.96 bilSouth Korea
79%
1.16 bilCzechia
76%
3.10 bilKazakhstan
72%
1.69 bilKazakhstan
72%
1.05 bilBulgaria
69%
1.54 bilEgypt
66%
2.10 bilUzbekistan
55%
1.03 bilSyria
41%
5.63 bilTurkmenistan
38%
0.99 bilJordan
28%

Score Distribution

Percentile by Number Answered

Percent of People with Each Score

Your Score History

You have not taken this quiz